书目信息 |
| 题名: |
高等人工智能原理
|
|
| 作者: | 钟义信 著 | |
| 分册: | ||
| 出版信息: | 北京 科学出版社 2014 |
|
| 页数: | 17,427页 | |
| 开本: | 24cm | |
| 丛书名: | ||
| 单 册: | ||
| 中图分类: | TP18 | |
| 科图分类: | ||
| 主题词: | 人工智能 | |
| 电子资源: | ||
| ISBN: | 978-7-03-040011-6 | |
| 000 | 00988nam0 2200229 450 | |
| 001 | 142570 | |
| 005 | 20141222125000.00 | |
| 010 | @a978-7-03-040011-6@b精装@dCNY 128.00 | |
| 100 | @a20140514d2014 em y0chiy50 ea | |
| 101 | 0 | @achi |
| 102 | @aCN@b110000 | |
| 105 | @aa z 001yy | |
| 200 | 1 | @a高等人工智能原理@9gao deng ren gong zhi neng yuan li@b专著@e观念·方法·模型·理论@f钟义信著 |
| 210 | @a北京@c科学出版社@d2014 | |
| 215 | @a17,427页@c图@d24cm | |
| 300 | @a中国科学院科学出版基金资助出版 国家自然科学基金68872014,69171023,69982001,60496327,60575034,60873001,以及70711120412(国际合作)等项目的资助 | |
| 330 | @a本书旨在创建和阐明高等人工智能的基本理论。全书由5篇10章构成,主要内容包括:总论:高等人工智能研究的科学观与方法论、高等人工智能的基础理论、高等人工智能的主题理论、高等人工智能与现行人工智能的关系、应用问题择要。 | |
| 606 | 0 | @a人工智能 |
| 690 | @aTP18@v5 | |
| 701 | 0 | @a钟义信@9zhong yi xin@f(1940 )@4著 |
| 801 | 0 | @c20141222 |
| 905 | @a241430@dTP18@eZ734 | |
| 高等人工智能原理:观念·方法·模型·理论/钟义信著.-北京:科学出版社,2014 |
| 17,427页:图;24cm |
| 中国科学院科学出版基金资助出版 国家自然科学基金68872014,69171023,69982001,60496327,60575034,60873001,以及70711120412(国际合作)等项目的资助 |
| ISBN 978-7-03-040011-6(精装):CNY 128.00 |
| 本书旨在创建和阐明高等人工智能的基本理论。全书由5篇10章构成,主要内容包括:总论:高等人工智能研究的科学观与方法论、高等人工智能的基础理论、高等人工智能的主题理论、高等人工智能与现行人工智能的关系、应用问题择要。 |
| ● |
| 相关链接 |
|
|
|
正题名:高等人工智能原理
索取号:TP18/Z734
 
预约/预借
| 序号 | 登录号 | 条形码 | 馆藏地/架位号 | 状态 | 备注 |
| 1 | 1135267 | 211352677 | 自科库301/301自科库 102排6列5层/ [索取号:TP18/Z734] | 在馆 |